NLSUI OPAC header image

The French polity / (Record no. 4758)

MARC details
000 -LEADER
fixed length control field 00582pam a2200229 a 4500
001 - CONTROL NUMBER
control field 4259739
003 - CONTROL NUMBER IDENTIFIER
control field OSt
005 - DATE AND TIME OF LATEST TRANSACTION
control field 20260418155429.0
008 - FIXED-LENGTH DATA ELEMENTS--GENERAL INFORMATION
fixed length control field 840629s1985 nyua b 001 0 eng
010 ## - LIBRARY OF CONGRESS CONTROL NUMBER
LC control number 84015413
020 ## - INTERNATIONAL STANDARD BOOK NUMBER
International Standard Book Number 0582281903
Qualifying information pbk.
040 ## - CATALOGING SOURCE
Transcribing agency .
082 00 - DEWEY DECIMAL CLASSIFICATION NUMBER
Classification number 320.944 SAF
100 1# - MAIN ENTRY--PERSONAL NAME
Personal name Safran, William.
245 14 - TITLE STATEMENT
Title The French polity /
Statement of responsibility, etc. William Safran.
250 ## - EDITION STATEMENT
Edition statement 2nd ed.
260 ## - PUBLICATION, DISTRIBUTION, ETC.
Place of publication, distribution, etc. New York :
Name of publisher, distributor, etc. Longman,
Date of publication, distribution, etc. c1985.
300 ## - PHYSICAL DESCRIPTION
Extent xvii, 314 p. :
Other physical details ill. ;
Dimensions 23 cm.
365 ## - TRADE PRICE
Price amount Rs.40
651 #0 - SUBJECT ADDED ENTRY--GEOGRAPHIC NAME
Geographic name France
General subdivision Politics and government
Chronological subdivision 1958-
942 ## - ADDED ENTRY ELEMENTS (KOHA)
Source of classification or shelving scheme Dewey Decimal Classification
Koha item type BOOKs
Holdings
Withdrawn status Lost status Damaged status Not for loan Home library Current library Shelving location Date acquired Cost, normal purchase price Total Checkouts Full call number Barcode Date last seen Price effective from Koha item type
        NLS NLS   30/05/2017 40.00   320.944 SAF 4926 30/05/2017 30/05/2017 BOOKs